Megerősítésül és újragondolva - Hegel gazdaságfilozófiája. Akadémiai K., 1993.
Elmentve itt :
| Szerző: | |
|---|---|
| Adatforrás: | Philobibl |
| Forrásdokumentuma: | Magyar Filozófiai Szemle 39 1995/3-4., 659-663. p. |
| Dokumentumtípus: | Cikk |
| Nyelv: | magyar |
| LEADER | 00360nab a2200097 c 4500 | ||
|---|---|---|---|
| 001 | bibDOK00005932 | ||
| 005 | 20200924120208.7 | ||
| 008 | 060518s1995 hu hun | ||
| 100 | 1 | |a Czirják József | |
| 245 | 1 | 0 | |a Megerősítésül és újragondolva - Hegel gazdaságfilozófiája. Akadémiai K., 1993. |c Czirják József |
| 773 | 0 | |t Magyar Filozófiai Szemle 39 |g 1995/3-4., 659-663. p. | |